000 01319nam0a2200301 4500
001 RU\NLR\BIBL_A\022292582
005 20250810075510.0
035 _a(NLR Aleph) 022292582
090 _a13324008
_c13324008
100 _a20240807d1944 m y0rusy50 ca
101 0 _abua
102 _aRU
105 _ay z 000 y
181 0 _ai
_baxxe
182 0 _an
200 1 _aБурят-монгол АССР-эй хүдөө ажалые улам саашань хүгжөөхэ хэм жээнүүд тухай
_eСССР-эй Арадай Комиссарнарай Соведэй тогтоол
_fред. перевода :Д. Лубсанов
203 _aТекст
_bвизуальный
_cнепосредственный
210 _aУлан-Удэ
_cБурмонгиз
_d1944
215 _a22, [1] с.
_d13
541 1 _aО мерах по дальнейшему развитию сельского хозяйства Бурят-монгольской АССР
_eпостановление Совета Народных Комиссаров СССР
_zrus
686 1 _aА355.53а/я
702 1 _aЛубсанов
_bД.
_4340
852 _aNLR
_bОНЛ
_jБур./1-108
942 _cBOOK
945 _aРоссийская национальная библиотека
980 _aBV
980 _aNB